[Event "Muehlhaeusen op"]
[Site "Muehlhausen"]
[Date "2007.05.19"]
[Round "6.28"]
[White "Wolf, Verena"]
[Black "Schaefer, Julia"]
[Result "0-1"]
[WhiteElo "896"]
[BlackElo "1050"]
[PlyCount "66"]
[EventDate "2007.05.16"]
[EventType "swiss"]
[EventRounds "7"]
[EventCountry "GER"]
[SourceTitle "CBM 118 Extra"]
[Source "ChessBase"]
[SourceDate "2007.07.04"]
[SourceVersion "1"]
[SourceVersionDate "2007.07.04"]
[SourceQuality "1"]

1. d4 d6 2. e4 g6 3. Nc3 Bg7 4. Nf3 Bg4 5. h3 Bxf3 6. gxf3 Nf6 7. Be3 Nbd7 8. Qd3 0-0 9. 0-0-0 c5 10. Qd2 a6 11. Rg1 Qa5 12. dxc5 Nxc5 13. Bh6 Qb6 14. Bxg7 Kxg7 15. Qg5 e5 16. Nd5 Nxd5 17. exd5 Na4 18. b3 Nc3 19. Rd3 Nxa2+ 20. Kb2 Nb4 21. Rd2 a5 22. c3 Na6 23. Ka2 Nc5 24. Bc4 a4 25. Kb1 Nxb3 26. Bxb3 axb3 27. Rb2 Ra3 28. Qd2 Rfa8 29. Kc1 Ra1+ 30. Rb1 Rxb1+ 31. Kxb1 Ra2 32. Qxa2 bxa2+ 33. Kxa2 Qxf2+ 0-1